| 000 | 00647nam a22001937a 4500 | ||
|---|---|---|---|
| 005 | 20240823165323.0 | ||
| 010 | _aENG-141415 | ||
| 020 |
_a8180883774 _c170.00 |
||
| 035 | _aEN-124947 | ||
| 037 | _bDBAD | ||
| 082 | _a332.1091767 | ||
| 100 |
_aZubairi, Suhail _970553 |
||
| 245 |
_aIslamic Finance/ _cBy Suhail Zubairi |
||
| 260 |
_bMarkazi Maktaba Islami Publishers _aNew Delhi _c2013 |
||
| 270 |
_aD-307, Dawat Nagar, Abul Fazl Enclave, Jamia Nagar, Okhla, _bNew Delhi _e110025 _mmmipublishers@gmail.com _k26971652, 26954341 _l26947858 |
||
| 300 |
_a220p. _c22cm(pb) |
||
| 700 | _970539 | ||
| 942 |
_2ddc _cEN _h332.1091767 _mZUB |
||
| 999 |
_c205285 _d205285 |
||